| 000 | 00926nam a2200373Ia 4500 | ||
|---|---|---|---|
| 001 | 3323 | ||
| 005 | 20240113233623.0 | ||
| 007 | ta | ||
| 008 | 050426s2002 a g b000 u eng u | ||
| 020 | _a81-224-0975-X | ||
| 040 | _aCotton College,Assam | ||
| 041 | _aeng | ||
| 082 |
_a530 _bJo 77 El |
||
| 100 | _aJoshi, A.W. . | ||
| 245 | 0 |
_aElements of Group Theory for Physicist / _cA.W. Joshi. _hTextual Documents |
|
| 250 | _a4th ed. / | ||
| 260 |
_aNew Delhi : _bNew Age International (P) Ltd. , _c2002. |
||
| 300 |
_a305p. : _bill ; _c22cm. . |
||
| 504 | _aIndex | ||
| 653 | _aPhysics | ||
| 653 | _aGroup Theory | ||
| 653 | _aPG-Physics | ||
| 653 | _aG-Mathematics | ||
| 653 | _aG-Physics | ||
| 942 |
_2ddc _cBK |
||
| 999 |
_c3311 _d3311 |
||